Chữa bệnh trẻ em bằng đông y

Saved in:
Bibliographic Details
Main Author: Hoàng Văn Vinh
Format: Book
Language:Undetermined
Published: Hà Nội Nxb. Hà Nội 1999
Subjects:
Tags: Add Tag
No Tags, Be the first to tag this record!
Institutions: Trung tâm Học liệu Trường Đại học Cần Thơ
LEADER 00546nam a2200169Ia 4500
001 CTU_37245
008 210402s9999 xx 000 0 und d
082 |a 615.882 
082 |b V312 
100 |a Hoàng Văn Vinh 
245 0 |a Chữa bệnh trẻ em bằng đông y 
245 0 |c Hoàng Văn Vinh 
260 |a Hà Nội 
260 |b Nxb. Hà Nội 
260 |c 1999 
650 |a folk medicine - formulae, receipts, prescriptions,folk medicine - vietnam,pediatrics 
980 |a Trung tâm Học liệu Trường Đại học Cần Thơ